000
00303nam a22001337a 4500
008
170809b xxu||||| |||| 00| 0 eng d
020
_a
9780760050439
041
_a
eng
080
_a
004
100
_a
35
101
_a
SHK
245
_a
AN INTRODUCTION TO JAVA PROGRAMMING
_c
STOKER,C
942
_2
udc
_c
BK
999
_c
22982
_d
22982